Barclays Bank plc v Daejan Investments (Grove Hall) Ltd (Record no. 455)

MARC details
000 -LEADER
fixed length control field 01400cab a2200241 4500
001 - CONTROL NUMBER
control field ##ABS52911
008 - FIXED-LENGTH DATA ELEMENTS--GENERAL INFORMATION
fixed length control field 090401t1995 xxu||||| |||| 00| 0 eng d
035 ## - SYSTEM CONTROL NUMBER
System control number (Sirsi) u825
041 0# - LANGUAGE CODE
Language code of text/sound track or separate title eng
245 00 - TITLE STATEMENT
Title Barclays Bank plc v Daejan Investments (Grove Hall) Ltd
260 ## - PUBLICATION, DISTRIBUTION, ETC.
Date of publication, distribution, etc. 1995
350 ## - PRICE (NR) (BK AM CF MU VM SE) [OBSOLETE]
Price 0
490 #0 - SERIES STATEMENT
Series statement Estates Gazette
Volume/sequential designation (1995) 18 EG 117-120(4)
520 ## - SUMMARY, ETC.
Summary, etc. ChD, 23 November 1994. B held 2 underleases from D for terms expiring in 2015. B sought consent to use the ground floor for any use within class A2; D looked for a landlord`s break clause. A letter stated consent for change of use subject to conditions amounting to a requirements for a fine within the meaning of the Landlord and Tenant Act 1927 s19(3). Evidence was given that B proposed alterations to an exterior wall and, relying on s19(3) and the authority of "West v Gwynne" ((1911) 2 Ch 1), sought a declaration that they were entitled to use the premises for any class A2 use. Application dismissed.
650 24 - SUBJECT ADDED ENTRY--TOPICAL TERM
Topical term or geographic name entry element BARCLAYS BANK PLC V DAEJAN INVESTMENTS (GROVE HALL) LTD
650 24 - SUBJECT ADDED ENTRY--TOPICAL TERM
Topical term or geographic name entry element LANDLORD AND TENANT ACT 1927 S19(3)
650 24 - SUBJECT ADDED ENTRY--TOPICAL TERM
Topical term or geographic name entry element TOWN AND COUNTRY PLANNING (USE CLASSES) ORDER 1987
650 24 - SUBJECT ADDED ENTRY--TOPICAL TERM
Topical term or geographic name entry element WEST V GWYNNE
651 #4 - SUBJECT ADDED ENTRY--GEOGRAPHIC NAME
Geographic name England and Wales
Chronological subdivision 1543-
690 ## - LOCAL SUBJECT ADDED ENTRY--TOPICAL TERM (OCLC, RLIN)
Topical term or geographic name as entry element PROPERTY-COMMERCIAL PROPERTY-LEASEHOLD COMMERCIAL PROPERTY-COMMERCIAL LANDLORD AND TENANT-COMMERCIAL LEASES
942 ## - ADDED ENTRY ELEMENTS (KOHA)
Suppress in OPAC 0
948 ## - LOCAL PROCESSING INFORMATION (OCLC); SERIES PART DESIGNATOR (RLIN)
c (OCLC) 04/03/1997
Holdings
Withdrawn status Lost status Source of classification or shelving scheme Damaged status Not for loan Home library Current library Shelving location Date acquired Total Checkouts Full call number Barcode Date last seen Copy number Price effective from Koha item type
    Dewey Decimal Classification     London London Journal article 14/09/1999   ABS52911 825-1001 06/08/2019 1 06/08/2019 Law report